000 00449nam a2200157Ia 4500
005 20241217152146.0
008 231217s9999 xx 000 0 und d
020 _a9788120306950
082 _a001.539 KLI;2 R
100 _aKlir, George J. Folger, Tina A.
245 0 _aFuzzy sets, uncertainty and information
260 _c1988
_bPHI learning
_aNew Delhi
300 _axi, 355
650 _aFuzzy,sets,,uncertainty,information
942 _cAA
999 _c187806
_d187806